L'an mil

Saved in:
Bibliografiske detaljer
Hovedforfatter: Focillon, Henri (Author)
Format: Bog
Sprog:fransk
Udgivet: París Armand Colin 1952
Udgivelse:1a. ed
Fag:
Tags: Tilføj Tag
Ingen Tags, Vær først til at tagge denne postø!

MARC

LEADER 00000cam a2200000 a 4500
001 UCD2904
003 CL-VaPUC
008 160520e19520000fr |||||||||||||||||fre|d
082 0 4 |a 759.5  |b FOC  |2 21 
100 0 |a Focillon, Henri  |e author  |9 586304 
245 1 2 |a L'an mil 
250 |a 1a. ed 
300 |a 152 p 
942 |c BK 
945 |d 20160520 11:34:00  |a dcastane 
260 |a París  |b Armand Colin  |c 1952 
650 0 |a Pintura italiana  |9 265293 
650 0 |a Pintores italianos  |9 265277 
650 0 |a Renacimiento italiano  |9 268631 
583 |a last modification  |c 20160520 11:34:00  |k Rodrigo Vera 
999 |c 364013  |d 364011 
952 |0 0  |1 0  |3 erb  |4 0  |6 759_500000000000000_FOC_1952  |7 0  |8 A  |9 476920  |a FDOHBE  |b FDOHBE  |e Huesbe Llanos, Marco Antonio, 1934-  |i 5305209  |o 759.5 FOC 1952  |p 5305209  |r 2024-01-30  |w 2019-11-24  |y BK  |z Catalogado en:20160520  |k HBE